000
00221nam a22000977a 4500
008
170110b xxu||||| |||| 00| 0 eng d
041
_a
eng
080
_2
3RD
_a
618.2
245
_a
MEDICAL NURSING
_c
BROWN, M.F
942
_2
udc
_c
BK
999
_c
2665
_d
2665